Movies Quiz

Random Movies or Disney Quiz

Disney Villains Quiz Stats

 Plays Quiz not verified by Sporcle

Challenge
Share
Tweet
Embed
Score 0/49 Timer 05:00
0 Plays Today
Movie Villain % Correct
The Lion KingScar
79.9%
The Little MermaidUrsula
76.6%
Peter PanCaptain Hook
76.2%
FrozenHans
75.4%
AladdinJafar
75%
HerculesHades
74.6%
101 DalmatiansCruella De Vil
74.2%
Alice in Wonderland Queen of Hearts
73.8%
Beauty and the BeastGaston
73%
Snow White and the Seven DwarvesEvil Queen
72.1%
Toy StorySid
72.1%
BambiMan
71.3%
TangledMother Gothel
71.3%
Toy Story 3Lotso
71.3%
Toy Story 2Prospector
70.9%
Sleeping BeautyMaleficent
70.5%
A Bug's LifeHopper
70.5%
The Jungle BookShere Khan
70.1%
The Hunchback of Notre DameClaude Follo
70.1%
TarzanClayton
69.7%
Monsters Inc.Randall
69.7%
The Emperor's New GrooveYzma
69.3%
The IncrediblesSyndrome
69.3%
CinderellaLady Tremaine
68.9%
PocahontasGovernor Ratcliffe
68%
Movie Villain % Correct
MulanShan Yu
68%
Finding NemoP. Sherman
68%
PinocchioStromboli
66.8%
Lilo & StitchCaptain Gantu
66.4%
The Great Mouse DetectiveProfessor Ratigan
62.7%
Wreck-It RalphTurbo
62.3%
CarsChick Hicks
61.9%
Kronks New GrooveYzma
61.5%
The RescuersMadame Medusa
61.1%
The Princess and the FrogDr. Facilier
61.1%
Lady and the TrampSi and Am
61.1%
Oliver & CompanySykes
60.2%
Meet the RobinsonsBowler Hat Guy
59.4%
BraveMor'du
58.2%
The Fox and the HoundAmos Slade
54.5%
The Lion King IIZira
51.6%
Ratatouille Chef Skinner
50%
The Little Mermaid II(Return to Sea)Morgana
47.1%
BoltThe Director
43%
Brother BearDenahi
42.2%
DinosaurKron
41.4%
Cars 2Miles Axelrod
39.8%
Monsters University Roar Omega Roar
38.5%
Mulan 2Mushu or Bandits
33.2%

You're not logged in!

Compare scores with friends on all Sporcle quizzes.
Join for Free
OR
Log In

You Might Also Like...

Show Comments

Extras

Top Quizzes Today


Score Distribution

Your Account Isn't Verified!

In order to create a playlist on Sporcle, you need to verify the email address you used during registration. Go to your Sporcle Settings to finish the process.

Report this User

Report this user for behavior that violates our Community Guidelines.

Details: